[Event "Tourn. n8616"]
[Site "www.chess-mail.com"]
[Date "2016.02.18"]
[Round "1"]
[White "Gatrooper"]
[Black "Cal"]
[WhiteElo "1640"]
[BlackElo "1630"]
[Result "0-1"]
[Round "1"]
1.e4 c5
2.c4 e5
3.d3 Nb8c6
4.Ng1f3 h6
5.h3 a6
6.a3 Ng8f6
7.Nb1c3 Bf8e7
8.Nc3d5 Nf6xd5
9.exd5 Nc6d4
10.Nf3xd4 cxd4
11.Qd1f3 O-O
12.Qf3g3 Kh7
13.Bc1d2 d6
14.Bf1e2 f5
15.Be2h5 Be7g5
16.Bd2xg5 hxg5
17.h4 g4
18.f3 f4
19.Qg3f2 g3
20.Qf2e2 b5
21.Qe2e4 Bc8f5
22.Qe4e2 bxc4
23.Qe2d1 Bf5xd3
24.b4 Qd8e7
25.Bh5g4 e4
26.fxe4 Qe7xe4
27.Bg4e2 Qe4xg2
28.Kd2 f3
29.Kc1 fxe2
30.Qd1e1 Qg2e4
31.Kb2 Rf8f3
32.Qe1d2 c3
33.Qd2xc3 dxc3
34.Kxc3 Ra8c8
35.Kb3 Bd3b1
36.Ka4 Bb1c2
37.Ka5 Qe4xd5
38.Kxa6 Bc2d3
39.b5 Qd5c6
40.Ka5 Qc6xb5
{ resign }
0-1

[Event "Tourn. n8640"]
[Site "www.chess-mail.com"]
[Date "2016.02.18"]
[Round "1"]
[White "Libiesse"]
[Black "Elogic"]
[WhiteElo "2050"]
[BlackElo "1820"]
[Result "0-1"]
[Round "1"]
1.d4 d5
2.c4 dxc4
3.Ng1f3 Bc8g4
4.e3 c5
5.Qd1a4 Nb8c6
6.Nf3e5 Bg4d7
7.Bf1xc4 Nc6xe5
{ resign }
0-1

[Event "Tourn. n8558"]
[Site "www.chess-mail.com"]
[Date "2016.02.18"]
[Round "1"]
[White "Darko10"]
[Black "Szustan"]
[WhiteElo "2510"]
[BlackElo "2720"]
[Result "1/2-1/2"]
[Round "1"]
1.e4 e5
2.Ng1f3 Nb8c6
3.Nb1c3 Ng8f6
4.d4 exd4
5.Nc3d5 Nf6xd5
6.exd5 Nc6b4
7.Bf1c4 Qd8e7
8.Kf1 c6
9.Nf3xd4 Qe7e5
10.f4 Qe5f6
11.dxc6 dxc6
12.c3 Nb4d5
13.Bc4xd5 cxd5
14.Qd1b3 Bf8d6
15.Qb3b5 Bc8d7
16.Qb5xb7 Ra8b8
17.Qb7xa7 Bd7e6
18.Nd4xe6 Qf6xe6
19.Qa7a4 Kd8
20.Qa4d1 Rh8e8
21.h4 Bd6c5
22.Rh1h3 Rb8b7
23.b4 Bc5a7
24.c4 Kc8
25.Bc1b2 dxc4
26.Ra1c1 f6
27.b5 Rb7d7
28.Rh3d3 Rd7c7
29.Rd3a3 Re8d8
30.Qd1f3 Qe6b6
31.Qf3a8 Kd7
32.Qa8d5 { draw }
1/2-1/2

[Event "Tourn. n8545"]
[Site "www.chess-mail.com"]
[Date "2016.02.18"]
[Round "1"]
[White "Vinvangogh"]
[Black "Passaroa25"]
[WhiteElo "1570"]
[BlackElo "1640"]
[Result "0-1"]
[Round "1"]
1.e4 c6
2.Ng1f3 Ng8h6
3.Bf1c4 f6
4.Nf3h4 e6
5.Qd1h5 Nh6f7
6.Nh4f5 g6
7.Qh5e2 gxf5
8.exf5 Nf7e5
9.fxe6 Ne5xc4
10.Qe2h5 Ke7
11.O-O dxe6
12.Qh5c5 Nc4d6
13.Nb1c3 Nb8d7
14.Qc5e3 Nd7e5
15.Rf1e1 Nd6c4
16.Qe3g3 Ne5g6
17.d3 Nc4e5
18.b3 Bf8g7
19.d4 Qd8xd4
20.Bc1b2 Rh8e8
21.Nc3b5 Qd4xb2
22.f4 cxb5
23.fxe5 fxe5
24.Qg3e3 Qb2xc2
25.Re1c1 Qc2f5
26.Rc1c7 Kf6
27.Ra1f1 Ng6f4
28.Qe3g3 Nf4e2
29.Kh1 Ne2xg3
30.hxg3 Qf5xf1
31.Kh2 Qf1e2
32.Rc7c3 Qe2h5
33.Kg1 Bc8d7
34.Rc3f3 Qh5xf3
35.gxf3 Kg5
36.Kg2 Bg7f6
37.g4 h5
{ resign }
0-1

[Event "Tourn. n8491"]
[Site "www.chess-mail.com"]
[Date "2016.02.18"]
[Round "1"]
[White "Stepanpech"]
[Black "Goosebumps"]
[WhiteElo "2170"]
[BlackElo "2140"]
[Result "1-0"]
[Round "1"]
1.d4 f5
2.c4 c6
3.Nb1c3 d5
4.Bc1f4 e6
5.e3 Ng8f6
6.Ng1f3 Bf8d6
7.Bf1d3 Qd8c7
8.g3 O-O
9.O-O Nf6e4
10.Qd1b3 Nb8d7
11.cxd5 exd5
12.Nc3xd5 cxd5
13.Bd3xe4 fxe4
14.Qb3xd5 Kh8
15.Bf4xd6 Nd7f6
16.Qd5e5 Qc7d7
17.Bd6xf8 exf3
{ time. }
1-0

[Event "Tourn. n8562"]
[Site "www.chess-mail.com"]
[Date "2016.02.18"]
[Round "1"]
[White "Gatrooper"]
[Black "Falcoale"]
[WhiteElo "1640"]
[BlackElo "1700"]
[Result "0-1"]
[Round "1"]
1.e4 c5
2.c4 Nb8c6
3.Ng1f3 b6
4.a3 e6
5.Nb1c3 Bc8b7
6.d3 Ng8f6
7.Bc1g5 Bf8e7
8.Bg5xf6 Be7xf6
9.e5 Bf6e7
10.h3 O-O
11.d4 cxd4
12.Nf3xd4 Nc6xd4
13.Qd1xd4 Be7c5
14.Qd4g4 f5
15.Qg4d1 Bb7c6
16.Bf1d3 Bc6xg2
17.Rh1g1 Bg2xh3
18.Qd1d2 Bh3g4
19.Bd3e2 a6
20.Be2xg4 fxg4
21.Rg1xg4 Bc5xf2
22.Kd1 Qd8c7
23.Qd2h6 Qc7xe5
24.Qh6d2 Bf2e3
25.Qd2e2 Qe5d6
26.Kc2 Rf8f2
27.Qe2xf2 Be3xf2
28.Ra1d1 Qd6e7
29.Nc3e4 d5
30.Ne4g5 Ra8c8
31.b3 Qe7xa3
32.Ng5xe6 g6
33.Rd1xd5 Qa3a2
34.Kc3 Bf2e1
35.Kd4 Be1f2
36.Ke4 Qa2e2
37.Kf4 Qe2e3
{ resign }
0-1

[Event "Tourn. n8598"]
[Site "www.chess-mail.com"]
[Date "2016.02.18"]
[Round "1"]
[White "Vinvangogh"]
[Black "Fabos12"]
[WhiteElo "1550"]
[BlackElo "1710"]
[Result "0-1"]
[Round "1"]
1.e4 g6
2.d4 Bf8g7
3.Ng1f3 Nb8c6
4.Bf1b5 e6
5.e5 Ng8e7
6.Bc1g5 h6
7.Bg5h4 g5
8.Bh4g3 Ne7f5
9.d5 Nc6b4
10.O-O Nf5xg3
11.fxg3 Nb4xd5
12.Nb1a3 a6
13.Bb5c4 Nd5e3
14.Qd1d3 Ne3xf1
15.Qd3xf1 g4
16.Nf3h4 Bg7xe5
17.Ra1e1 Be5xb2
18.Na3b1 b5
19.Nb1d2 d5
20.Bc4d3 Qd8g5
21.Nd2e4 dxe4
22.Bd3xe4 Bb2d4
23.Kh1 Ra8b8
24.Be4d5 Qg5xd5
25.Re1d1 Qd5c5
26.Qf1f4 e5
27.Qf4f1 Rh8f8
28.Qf1f6 Qc5b6
29.Qf6g7 c5
30.Rd1e1 Bc8b7
31.Nh4f5 Bb7xg2
32.Kxg2 Qb6c6
33.Kf1 Qc6f3

0-1

[Event "Tourn. n8634"]
[Site "www.chess-mail.com"]
[Date "2016.02.18"]
[Round "1"]
[White "Mrfunk"]
[Black "Guidom"]
[WhiteElo "2130"]
[BlackElo "2090"]
[Result "1-0"]
[Round "1"]
1.e4 e5
2.Ng1f3 Nb8c6
3.Bf1b5 a6
4.Bb5a4 Ng8f6
5.O-O d6
6.c3 Nf6xe4
7.d4 b5
8.Ba4b3 Ne4f6
9.Nf3g5 d5
10.dxe5 Nc6xe5
11.Rf1e1 Bf8d6
12.Bc1f4 Nf6d7
13.Qd1xd5 O-O
14.Qd5xa8 h6
15.Ng5f3 Qd8f6
16.Bf4xe5 Nd7xe5
17.Nf3xe5 Bd6xe5
18.Nb1d2 Bc8g4
19.Qa8d5 Be5d6
20.Nd2e4 { resign }
1-0

[Event "Tourn. n8528"]
[Site "www.chess-mail.com"]
[Date "2016.02.18"]
[Round "1"]
[White "Seger"]
[Black "Yangqi"]
[WhiteElo "2730"]
[BlackElo "2600"]
[Result "1/2-1/2"]
[Round "1"]
1.d4 f5
2.Bc1g5 g6
3.Nb1c3 Bf8g7
4.e4 fxe4
5.Nc3xe4 d5
6.Ne4g3 c5
7.Ng1f3 Nb8c6
8.dxc5 Bg7xb2
9.Ra1b1 Bb2c3
10.Bg5d2 Qd8a5
11.Bf1b5 Ng8f6
12.O-O Bc3xd2
13.Qd1xd2 Qa5xd2
14.Nf3xd2 Bc8d7
15.c4 O-O-O
16.Rf1e1 Rh8e8
17.cxd5 Nf6xd5
18.Rb1b2 Nd5c3
19.Bb5f1 Re8f8
20.Re1c1 Nc3a4
21.Rb2b1 Bd7e6
22.Nd2e4 Rd8d4
23.Ne4g5 Be6xa2
24.Rb1a1 Ba2b3
25.Ng5xh7 Rf8d8
26.Ra1a3 Rd4b4
27.Nh7g5 a5
28.f3 Na4b2
29.Rc1b1 Bb3g8
30.Ng3e4 Nb2c4
31.Rb1xb4 axb4
32.Ra3a8 Kc7
33.Ra8xd8 Nc6xd8
34.Kf2 b3
35.Bf1d3 Kc6
36.h4 b2
37.Ne4c3 Kxc5
38.Bd3xg6 Kd4
39.Nc3d1 Nd8c6
40.f4 e5
41.Ng5f3 Kc5
42.fxe5 Bg8f7
43.Bg6h7 { draw }
1/2-1/2

[Event "Match"]
[Site "www.echecsemail.com"]
[Date "2016.02.18"]
[Round "1"]
[White "Ipswich"]
[Black "Gfalk"]
[WhiteElo "1610"]
[BlackElo "1649"]
[Result "0-1"]
[Round "1"]
1.e4 c5
2.Ng1f3 e6
3.d4 cxd4
4.Nf3xd4 a6
5.c4 b6
6.Nb1c3 Qd8c7
7.Bc1e3 d6
8.Bf1e2 Bc8b7
9.O-O Ng8f6
10.Be2f3 Nb8c6
11.Nd4xc6 Bb7xc6
12.Qd1e2 Bf8e7
13.Rf1d1 O-O
 { time }
0-1

[Event "Match"]
[Site "www.echecsemail.com"]
[Date "2016.02.18"]
[Round "1"]
[White "Elogic"]
[Black "Fangshuo"]
[WhiteElo "1910"]
[BlackElo "2120"]
[Result "0-1"]
[Round "1"]
1.e3 e5
2.c4 c6
3.Nb1c3 d5
4.d4 e4
5.g3 Ng8f6
6.Bf1e2 Bf8b4
7.cxd5 cxd5
8.Be2b5 Bc8d7
9.Bb5xd7 Nb8xd7
10.Bc1d2 O-O
11.a3 Bb4a5
12.b4 Ba5c7
13.f3 Rf8e8
14.f4 Nd7b6
15.a4 Qd8d7
16.b5 Nb6c4
17.h3 Bc7a5
18.Rh1h2 Nc4xe3
19.Qd1b3 Ne3f5
20.g4 Nf5xd4
21.Qb3a3 Nd4c2
{ resign }
0-1

[Event "Match"]
[Site "www.echecsemail.com"]
[Date "2016.02.18"]
[Round "1"]
[White "Bjonil60"]
[Black "Chapi"]
[WhiteElo "1270"]
[BlackElo "1990"]
[Result "0-1"]
[Round "1"]
1.Nb1c3 c5
2.e3 Nb8c6
3.Qd1e2 d6
4.b3 Ng8f6
5.h3 Nc6b4
6.a3 Nb4xc2
7.Kd1 Nc2xa1
8.b4 Na1b3
9.Bc1b2 g6
10.g3 Bf8g7
11.f3 O-O
12.g4 b6
13.Kc2 Bc8e6
14.f4 Nf6d5
15.Nc3xd5 Be6xd5
16.Rh1h2 a5
17.bxa5 Ra8xa5
18.Bb2c3 Ra5xa3
19.g5 Qd8a8
20.Bf1g2 Bg7xc3
21.dxc3 Ra3a2
22.Kd1 Ra2xe2
23.Kxe2 Qa8a2
24.Kd3 Qa2d2

0-1

[Event "1/64 Finale"]
[Site "www.chess-mail.com"]
[Date "2016.02.18"]
[Round "1"]
[White "Mrfunk"]
[Black "Piekki"]
[WhiteElo "1659"]
[BlackElo "1900"]
[Result "1-0"]
[Round "1"]
1.e4 e5
2.Ng1f3 Ng8f6
3.Nf3xe5 d6
4.Ne5f3 Nf6xe4
5.d4 d5
6.Bf1d3 Nb8c6
7.O-O Bf8e7
8.c4 Nc6b4
9.Bd3e2 O-O
10.Nb1c3 Bc8f5
11.a3 Ne4xc3
12.bxc3 Nb4c6
13.Rf1e1 Be7f6
14.cxd5 Qd8xd5
15.Bc1f4 Qd5a5
16.Be2d3 Nc6e7
17.Bd3xf5 Ne7xf5
18.Ra1c1 Qa5xa3
19.Qd1c2 Rf8c8
20.Qc2xf5 { resign }
1-0

[Event "1/128 Finale"]
[Site "www.chess-mail.com"]
[Date "2016.02.18"]
[Round "1"]
[White "Grimsby"]
[Black "Paul30"]
[WhiteElo "1650"]
[BlackElo "1499"]
[Result "0-1"]
[Round "1"]
1.c4 Ng8f6
2.Nb1c3 g6
3.d4 Bf8g7
4.e4 d6
5.f3 Nb8d7
6.Bc1e3 O-O
7.Qd1d2 Rf8e8
 { time }
0-1

[Event "Eq:La Taverne-Los Tercios : "]
[Site "www.chess-mail.com"]
[Date "2016.02.18"]
[Round "1"]
[White "Emmanuel69"]
[Black "Stevefillion"]
[WhiteElo "1930"]
[BlackElo "2350"]
[Result "0-1"]
[Round "1"]
1.c4 Ng8f6
2.d4 e6
3.a3 c5
4.Nb1c3 cxd4
5.Qd1xd4 Nb8c6
6.Qd4d1 d5
7.cxd5 exd5
8.e3 Bf8d6
9.h3 O-O
10.Ng1f3 a6
11.Bf1e2 Bd6c7
12.O-O Qd8d6
13.Rf1e1 Bc8e6
14.Be2f1 Ra8d8
15.g3 Qd6d7
16.Kh2 Qd7e7
17.Nf3d4 Be6d7
18.Bf1g2 Qe7e5
19.Nd4f3 Qe5f5
20.Re1f1 h5
21.Nf3h4 Qf5h7
22.Nc3xd5 Nf6xd5
23.Bg2xd5 Nc6e7
24.Bd5c4 Bd7xh3
25.Qd1e2 Bh3xf1
26.Qe2xf1 Qh7e4
27.Bc4e2 Qe4xh4
28.Kg2 Qh4f6
29.Be2xh5 Ne7c6
30.Bh5f3 Rf8e8
31.Ra1b1 Qf6g6
32.e4 Re8xe4
33.Bf3xe4 Qg6xe4
34.Kg1 Qe4xb1
{ resign }
0-1

[Event "Tourn. n8519"]
[Site "www.chess-mail.com"]
[Date "2016.02.19"]
[Round "1"]
[White "Bluetealeaf"]
[Black "Expert"]
[WhiteElo "1760"]
[BlackElo "1890"]
[Result "1-0"]
[Round "1"]
1.e4 c6
2.Bf1c4 d5
3.Bc4d3 dxe4
4.Bd3xe4 Ng8f6
5.f3 Nf6xe4
6.fxe4 e5
7.Qd1h5 Bf8d6
8.d3 O-O
9.Ng1f3 g6
10.Qh5h6 Qd8f6
11.Bc1g5 Qf6g7
12.Qh6xg7 Kxg7
13.Nb1d2 f6
14.Bg5e3 Bc8g4
15.h3 Bg4xf3
16.gxf3 Nb8d7
17.Ke2 Bd6c5
18.Nd2c4 Bc5xe3
19.Kxe3 Rf8d8
20.Nc4d6 Ra8b8
21.Ra1g1 Nd7b6
22.Nd6f5 Kf7
23.Nf5h6 Kf8
24.b3 Rd8d7
{ time. }
1-0

[Event "Tourn. n8586"]
[Site "www.chess-mail.com"]
[Date "2016.02.19"]
[Round "1"]
[White "Yangqi"]
[Black "Rons"]
[WhiteElo "2630"]
[BlackElo "2600"]
[Result "1-0"]
[Round "1"]
1.e4 c5
2.Ng1f3 d6
3.d4 cxd4
4.Nf3xd4 Ng8f6
5.Nb1c3 a6
6.Qd1f3 g6
7.h3 Bf8g7
8.Bc1e3 O-O
9.O-O-O Bc8d7
10.g4 Nb8c6
11.Qf3g3 b5
12.Bf1g2 Nc6xd4
13.Rd1xd4 Qd8a5
14.e5 dxe5
15.Rd4xd7 Nf6xd7
16.Bg2xa8 Rf8xa8
17.Qg3f3 Ra8b8
18.Rh1d1 Nd7b6
19.Kb1 Nb6c4
20.Nc3d5 Bg7f8
21.c3 Rb8c8
22.Be3g5 b4
23.cxb4 Qa5a4
24.Rd1c1 h6
25.b3 Qa4a3
26.Qf3c3 e6
27.Nd5e7 Bf8xe7
28.Bg5xe7 Nc4b6
29.Qc3xc8 Nb6xc8
30.Rc1xc8 Kg7
31.Be7d6 Kf6
32.f3 h5
33.g5 Kxg5
34.Rc8c5 Kf4
35.Rc5a5 Qa3xa5
36.bxa5 Kxf3
37.b4 Ke4
38.b5 Kd5
39.bxa6 Kc6
40.Bd6xe5 g5
41.Kc2 { resign }
1-0

[Event "Tourn. n8604"]
[Site "www.chess-mail.com"]
[Date "2016.02.19"]
[Round "1"]
[White "Cal"]
[Black "Azulmarino"]
[WhiteElo "1580"]
[BlackElo "1480"]
[Result "1-0"]
[Round "1"]
1.Nb1c3 a6
2.e4 e5
3.a3 Bf8c5
4.Ng1f3 c6
5.Nf3xe5 Qd8f6
6.d4 Bc5d6
7.Ne5g4 Qf6g6
8.h3 Ng8f6
9.Bc1e3 O-O
10.Ng4xf6 Qg6xf6
11.Bf1d3 Bd6f4
12.O-O Bf4c7
13.e5 Qf6e6
14.Qd1f3 b6
15.Bd3f5 Qe6c4
16.Ra1c1 f6
17.Nc3e4 d5
18.Ne4d6 Bc7xd6
19.e6 Bd6e7
20.Qf3g4 c5
21.Be3h6 g6
22.Bf5xg6 Kh8
23.Bg6f7 Qc4xd4
24.Qg4g7 { resign }
1-0

[Event "Tourn. n8561"]
[Site "www.chess-mail.com"]
[Date "2016.02.19"]
[Round "1"]
[White "Norlavuaram"]
[Black "Andychesston"]
[WhiteElo "2100"]
[BlackElo "2000"]
[Result "1/2-1/2"]
[Round "1"]
1.e4 e5
2.Ng1f3 d6
3.d4 Nb8d7
4.c3 Bf8e7
5.Bf1d3 Ng8f6
6.O-O b6
7.h3 O-O
8.Bc1e3 Bc8b7
9.Nb1d2 d5
10.exd5 Bb7xd5
11.dxe5 Nf6e8
12.Qd1c2 g6
13.Nd2e4 f5
14.Ne4f6 Ne8xf6
15.exf6 Be7xf6
16.Ra1d1 Bd5xf3
17.gxf3 Qd8e7
18.Be3h6 Nd7e5
19.Bh6xf8 Qe7xf8
20.Qc2b3 Kh8
21.Bd3e2 Qf8h6
22.Kg2 Qh6g5
23.Kh1 c5
24.Qb3d5 Ra8d8
25.Qd5b7 Qg5h4
26.Kg2 Qh4g5
27.Kh1 Qg5h4
28.Kh2 Qh4f4
29.Kh1 Qf4h4
30.Rd1xd8 Bf6xd8
31.Kh2 { draw }
1/2-1/2

[Event "Tourn. n8595"]
[Site "www.chess-mail.com"]
[Date "2016.02.19"]
[Round "1"]
[White "Azulmarino"]
[Black "Jjmcbride"]
[WhiteElo "1480"]
[BlackElo "1450"]
[Result "0-1"]
[Round "1"]
1.e4 e5
2.Ng1f3 Qd8f6
3.Bf1c4 d5
4.exd5 e4
5.Nf3g1 c6
6.Nb1c3 Bc8f5
7.dxc6 Qf6xc6
8.Qd1h5 Qc6g6
9.Qh5e2 Qg6xg2
10.Bc4d5 Nb8c6
11.Nc3xe4 Kd8
12.Ne4c3 Qg2g6
13.Ng1f3 Nc6b4
14.Rh1g1 Nb4xc2
15.Kf1 Bf5h3
{ resign }
0-1

[Event "Tourn. n8534"]
[Site "www.chess-mail.com"]
[Date "2016.02.19"]
[Round "1"]
[White "Ffdd65"]
[Black "Norlavuaram"]
[WhiteElo "2210"]
[BlackElo "2150"]
[Result "1/2-1/2"]
[Round "1"]
1.e4 e5
2.d4 exd4
3.Qd1xd4 Nb8c6
4.Qd4e3 d6
5.Bf1b5 Bc8d7
6.Ng1f3 Ng8f6
7.h3 Bf8e7
8.O-O O-O
9.b3 a6
10.Bb5d3 h6
11.Nb1c3 Nc6e5
12.Bc1b2 Kh8
13.Nc3d5 Ne5xf3
14.Qe3xf3 Nf6g8
15.Qf3g3 Be7f6
16.Bb2xf6 Ng8xf6
17.Nd5f4 Bd7c6
18.Rf1e1 Rf8e8
19.f3 Nf6h7
20.h4 Qd8f6
21.Nf4h5 Qf6d4
22.Kh1 g6
23.Nh5f4 Qd4e5
24.Bd3c4 Qe5f6
25.Bc4xf7 Qf6xf7
26.Nf4xg6 Kg8
27.Ng6e7 Kh8
28.Ne7g6 Kg8
29.Ng6e7 Kh8
30.Ne7g6 { draw }
1/2-1/2

[Event "Tourn. n8380"]
[Site "www.chess-mail.com"]
[Date "2016.02.19"]
[Round "1"]
[White "Ericleo1980"]
[Black "Numanoid"]
[WhiteElo "2330"]
[BlackElo "2510"]
[Result "0-1"]
[Round "1"]
1.e4 c5
2.Ng1f3 e6
3.d4 cxd4
4.Nf3xd4 Ng8f6
5.Nb1c3 Bf8b4
6.e5 Nf6d5
7.Bc1d2 Nd5xc3
8.bxc3 Bb4a5
9.Qd1g4 O-O
10.Nd4b5 a6
11.Nb5d6 Nb8c6
12.f4 f6
13.Bf1d3 Qd8e7
14.Qg4h4 g6
15.O-O Ba5c7
16.Nd6e4 fxe5
17.Qh4g3 d5
18.Ne4g5 e4
19.Bd3e2 Bc8d7
20.h4 e5
21.h5 Bc7b6
22.Kh1 e3
23.Bd2xe3 Bb6xe3
24.Qg3xe3 exf4
25.Qe3xe7 Nc6xe7
26.hxg6 hxg6
27.Ra1b1 b5
28.Rb1b4 Ne7f5
29.Rf1f2 Nf5g3
30.Kg1 Ra8e8
31.Be2f1 Rf8f5
32.Ng5h3 g5
33.Rb4b1 Ng3e4
34.Rf2e2 g4
35.Nh3f2 f3
36.gxf3 gxf3
{ resign }
0-1

[Event "Tourn. n8562"]
[Site "www.chess-mail.com"]
[Date "2016.02.19"]
[Round "1"]
[White "Cal"]
[Black "Powerchess"]
[WhiteElo "1580"]
[BlackElo "1480"]
[Result "1-0"]
[Round "1"]
1.Nb1c3 c5
2.e4 a6
3.d3 e6
4.Bc1f4 d5
5.e5 Nb8c6
6.a3 Ng8e7
7.b3 Ne7g6
8.Bf4g3 Nc6xe5
9.Bg3xe5 Ng6xe5
10.Bf1e2 Bf8d6
11.Ng1f3 O-O
12.h3 Ne5xf3
13.Be2xf3 Bc8d7
14.O-O Bd7c6
15.Qd1e2 Qd8f6
16.Qe2d2 Bd6f4
17.Qd2e2 Bf4e5
18.d4 Be5xd4
19.Qe2d3 Bd4xc3
20.Ra1d1 Bc3e5
21.Rf1e1 Be5c7
22.c3 Ra8d8
23.a4 Rf8e8
24.Qd3c2 e5
25.c4 d4
26.Bf3xc6 Qf6xc6
27.Re1e4 g6
28.f3  { time }
1-0

[Event "Tourn. n8507"]
[Site "www.chess-mail.com"]
[Date "2016.02.19"]
[Round "1"]
[White "Faerieking"]
[Black "Ericleo1980"]
[WhiteElo "2240"]
[BlackElo "2290"]
[Result "0-1"]
[Round "1"]
1.e4 c5
2.d4 cxd4
3.c3 dxc3
4.Nb1xc3 Nb8c6
5.Ng1f3 e6
6.Bf1c4 a6
7.O-O Qd8c7
8.Qd1e2 d6
9.Rf1d1 Ng8e7
10.Bc1g5 Ne7g6
11.Ra1c1 Qc7b8
12.h3 h6
13.Bg5e3 Bc8d7
14.a4 Bf8e7
15.Be3b6 O-O
16.a5 Be7d8
17.Nc3a4 Nc6xa5
18.Bb6xd8 Rf8xd8
19.Na4b6 Ra8a7
20.Bc4a2 Bd7b5
21.Qe2d2 Na5c6
22.Nf3d4 Qb8c7
23.Nb6c4 Ra7a8
24.Ba2b1 Nc6xd4
25.Qd2xd4 Ra8c8
26.Bb1a2 Bb5xc4
27.Rc1xc4 Qc7a5
{ resign }
0-1

[Event "Tourn. n8624"]
[Site "www.chess-mail.com"]
[Date "2016.02.19"]
[Round "1"]
[White "Paul30"]
[Black "Cal"]
[WhiteElo "1499"]
[BlackElo "1630"]
[Result "1-0"]
[Round "1"]
1.e4 e5
2.Ng1f3 d6
3.d4 Bc8g4
4.Bf1e2 Ng8f6
5.Nb1c3 exd4
6.Nf3xd4 Bg4xe2
7.Qd1xe2 h6
8.O-O c5
9.Nd4f3 Nb8c6
10.Bc1e3 Bf8e7
11.Rf1d1 O-O
12.Be3xc5 Qd8c7
13.Nc3b5 Qc7c8
14.Bc5xd6 Be7xd6
15.Nb5xd6 Qc8c7
16.Rd1d2 Ra8d8
17.Ra1d1 a6
18.c3 Rd8d7
19.e5 Nc6e7
20.exf6 Ne7g6
21.fxg7 Kxg7
22.Nd6f5 Kh7
23.Rd2xd7 Qc7f4
24.Nf5g3 b5
25.Rd1d4 Qf4c1
26.Rd4d1 Qc1f4
27.Rd7d4 Qf4f6
28.Ng3h5 Qf6f5
29.Rd4d5 Qf5g4
30.Nh5f6 { resign }
1-0

[Event "Tourn. n8562"]
[Site "www.chess-mail.com"]
[Date "2016.02.19"]
[Round "1"]
[White "Powerchess"]
[Black "Gatrooper"]
[WhiteElo "1480"]
[BlackElo "1640"]
[Result "0-1"]
[Round "1"]
1.d4 d5
2.Bc1f4 e6
3.e3 Bf8d6
4.Bf4g3 Bd6xg3
5.hxg3 h6
6.Ng1f3 Nb8c6
7.Bf1b5 a6
8.Bb5xc6 bxc6
9.Nb1d2 Ng8f6
10.O-O Qd8d7
11.Nf3e5 Qd7d6
12.c4 Nf6e4
13.Nd2xe4 dxe4
14.Qd1c2 h5
15.Qc2a4 Bc8d7
16.Ne5xd7 Qd6xd7
17.Qa4c2 Kf8
18.Qc2xe4 f5
19.Qe4c2 h4
20.Rf1d1 h3
21.gxh3 Rh8xh3
22.Kg2 Rh3h8
23.Rd1h1 Rh8xh1
24.Ra1xh1 Ke7
25.Rh1h7 Ra8g8
26.b3 Qd7e8
27.Rh7h2 Kd8
 { time }
0-1

[Event "Match"]
[Site "www.echecsemail.com"]
[Date "2016.02.19"]
[Round "1"]
[White "Manolinex"]
[Black "Ostapbender"]
[WhiteElo "2880"]
[BlackElo "2760"]
[Result "1-0"]
[Round "1"]
1.g3 g6
2.Bf1g2 Bf8g7
3.Ng1f3 f5
4.O-O Ng8f6
5.d4 O-O
6.c4 d6
7.Nb1c3 Qd8e8
8.Rf1e1 Qe8f7
9.Bc1d2 Qf7xc4
10.Ra1c1 c6
11.Nf3g5 Qc4a6
12.e4 fxe4
13.Ng5xe4 Nf6xe4
14.Re1xe4 e6
15.d5 e5
16.dxc6 Nb8xc6
17.Nc3d5 Rf8f7
18.Re4a4 Qa6b5
19.Nd5c3 Qb5b6
20.Bd2e3 { resign }
1-0

[Event "Match"]
[Site "www.echecsemail.com"]
[Date "2016.02.19"]
[Round "1"]
[White "Gambitmiau"]
[Black "Wagner"]
[WhiteElo "1800"]
[BlackElo "1720"]
[Result "1-0"]
[Round "1"]
1.e4 e5
2.d4 Nb8c6
3.d5 Nc6e7
4.Ng1f3 d6
5.Bf1c4 Ng8f6
6.Nb1c3 c6
7.dxc6 Ne7xc6
8.Bc1g5 h6
9.Bg5xf6 gxf6
10.a3 a6
11.h3 Nc6a5
12.Bc4a2 f5
13.O-O Rh8g8
14.Nf3xe5 Rg8g7
15.Ba2xf7 Rg7xf7
16.Ne5xf7 Kxf7
17.Qd1d5 Bc8e6
18.Qd5d3 Qd8b6
19.Nc3d5 Qb6d8
20.b4 Qd8g5
21.f4 Qg5g6
22.exf5 Be6xf5
23.Qd3c3 Ra8c8
24.Qc3e3 Rc8xc2
25.g4 Bf5xg4
26.Qe3g3 h5
27.hxg4 hxg4
28.f5 Qg6g5
29.Nd5c7 Na5b3
30.Qg3xb3 d5
31.Qb3xd5 Kf6
32.Nc7e8 Ke7
33.Ra1e1 { resign }
1-0

[Event "Match"]
[Site "www.echecsemail.com"]
[Date "2016.02.19"]
[Round "1"]
[White "Genius9"]
[Black "Gearoidmac"]
[WhiteElo "1770"]
[BlackElo "1849"]
[Result "0-1"]
[Round "1"]
1.b3 e5
2.Bc1b2 Nb8c6
3.c4 Ng8f6
4.g3 Bf8e7
5.Bf1g2 O-O
6.Nb1c3 b6
7.Ng1h3 Bc8b7
8.Nh3g5 d5
9.cxd5 Nc6d4
10.O-O Nf6xd5
11.Ng5e4 f5
12.Nc3xd5 Bb7xd5
13.Ne4c3 Bd5xg2
14.Kxg2 f4
15.Kg1 f3
16.exf3 Nd4xf3
17.Kg2 Qd8d4
18.d3 Ra8d8
{ resign }
0-1

[Event "Match"]
[Site "www.echecsemail.com"]
[Date "2016.02.19"]
[Round "1"]
[White "Sonny1000"]
[Black "Ledzepp"]
[WhiteElo "1520"]
[BlackElo "1219"]
[Result "1-0"]
[Round "1"]
1.e4 e5
2.c3 Ng8f6
3.Qd1e2 d6
4.Ng1f3 Bc8g4
5.d3 d5
6.Bc1g5 dxe4
7.dxe4 Nb8d7
8.h3 Bg4h5
9.Qe2b5 Nf6xe4
10.Bg5xd8 { resign }
1-0

[Event "Match"]
[Site "www.echecsemail.com"]
[Date "2016.02.19"]
[Round "1"]
[White "Pellix84"]
[Black "Elogic"]
[WhiteElo "1980"]
[BlackElo "1830"]
[Result "1-0"]
[Round "1"]
1.d4 g6
2.c4 c5
3.d5 Bf8g7
4.Nb1c3 Bg7xc3
5.bxc3 b6
6.g3 Bc8b7
7.Bf1g2 d6
8.Ng1f3 Nb8d7
9.O-O Ng8f6
10.Rf1e1 Nf6e4
11.Qd1c2 Nd7f6
12.Nf3g5 Ne4xg5
13.Bc1xg5 Nf6g4
14.h3 Ng4e5
15.Qc2a4 Kf8
16.Bg5h6 Kg8
17.f4 Ne5d7
18.Qa4c2 f5
19.e4 fxe4
20.Qc2xe4 e5
21.fxe5 dxe5
22.Re1f1 Nd7f6
23.Qe4xe5 Kf7
24.Rf1xf6 Qd8xf6
25.Ra1f1 Qf6xf1
26.Kxf1 Ra8e8
27.Qe5g7 { resign }
1-0

[Event "Match"]
[Site "www.echecsemail.com"]
[Date "2016.02.19"]
[Round "1"]
[White "Guidom"]
[Black "Liencam2"]
[WhiteElo "2140"]
[BlackElo "2350"]
[Result "0-1"]
[Round "1"]
1.e4 c5
2.Ng1f3 e6
3.c4 a6
4.Nb1c3 Qd8c7
5.d3 Nb8c6
6.Bf1e2 g6
7.O-O Bf8g7
8.Bc1e3 b6
9.a3 Ng8e7
10.Qd1d2 Bc8b7
11.Ra1b1 Nc6d4
12.b4 Nd4xe2
13.Nc3xe2 d6
14.Rf1d1 O-O
15.Qd2c2 Ra8c8
16.b5 a5
17.a4 f5
18.Nf3g5 Rf8f6
19.f4 e5
20.Rd1f1 h6
21.fxe5 dxe5
22.Ng5f3 f4
23.Be3d2 g5
24.Ne2c3 Rc8f8
25.h3 Bb7c8
26.Nc3d5 Ne7xd5
27.cxd5 g4
28.hxg4 Bc8xg4
29.Rb1b2 h5
30.Kf2 Qc7f7
31.Nf3xe5 Qf7c7
32.Bd2c3 Rf6h6
33.Ne5xg4 hxg4
34.Ke1 f3
35.Bc3xg7 Qc7xg7
36.Qc2d2 Rh6h2
37.Qd2c1 g3
38.Rb2c2 f2
39.Kd2 Rh2xg2
40.Qc1d1 Rg2h2
41.Qd1e2 g2
{ resign }
0-1

[Event "Match"]
[Site "www.echecsemail.com"]
[Date "2016.02.19"]
[Round "1"]
[White "Mrmoto"]
[Black "Mahak"]
[WhiteElo "1590"]
[BlackElo "1499"]
[Result "1-0"]
[Round "1"]
1.e4 d6
2.Ng1f3 g6
3.d4 Ng8f6
4.Nb1c3 Bf8g7
5.Bc1e3 Bc8g4
6.Bf1e2 O-O
7.Qd1d2 Nb8d7
8.Be3h6 Rf8e8
9.Bh6xg7 Kxg7
10.O-O-O c6
11.h3 Bg4xf3
12.Be2xf3  { time }
1-0

[Event "Match"]
[Site "www.echecsemail.com"]
[Date "2016.02.19"]
[Round "1"]
[White "Osvalazo"]
[Black "Hundegana"]
[WhiteElo "1349"]
[BlackElo "1970"]
[Result "0-1"]
[Round "1"]
1.e4 c5
2.Bf1c4 e6
3.d4 Ng8e7
4.dxc5 Qd8a5
5.Nb1c3 Qa5xc5
6.Qd1d3 Ne7g6
7.Nc3a4 Qc5b4
8.Na4c3 Ng6e5
9.Qd3e2 Ne5xc4
10.a3 Qb4c5
11.b4 Qc5c6
12.Bc1d2 g6
13.Ng1f3 Bf8g7
14.b5 Qc6c7
15.O-O Nc4xd2
16.Qe2xd2 Bg7xc3
17.Qd2d1 Bc3xa1
18.Qd1xa1 O-O
19.Qa1c1 Qc7c4
20.Nf3e5 Qc4xe4
21.Ne5f3 Qe4c4
22.Qc1h6 Qc4c3
23.Nf3g5 Qc3g7
24.Qh6h4 f6
25.Ng5e4 d5
26.Ne4d2 Bc8d7
27.a4 e5
28.Nd2b3 b6
29.Nb3d2 g5
30.Qh4b4 Bd7f5
31.Qb4d6 Qg7f7
32.c3 Nb8d7
33.Nd2b3 Ra8c8
34.Qd6b4 Rc8c7
 { time }
0-1

[Event "Eq:Team USA-Royal chess : "]
[Site "www.chess-mail.com"]
[Date "2016.02.19"]
[Round "1"]
[White "Badshahc"]
[Black "Olddog55"]
[WhiteElo "2059"]
[BlackElo "1600"]
[Result "1-0"]
[Round "1"]
1.a3 d5
2.Ng1f3 Nb8c6
3.g3 e5
4.d3 Ng8f6
5.Bf1g2 Bf8d6
6.Bc1g5 Qd8d7
7.Bg5xf6 gxf6
8.O-O d4
9.c3 b6
10.cxd4 exd4
11.Nf3xd4 Bc8b7
12.Nd4xc6 Bb7xc6
13.Nb1d2 Bc6xg2
14.Kxg2 O-O-O
15.Qd1c2 Bd6c5
16.Nd2e4 Qd7d5
17.Kg1 Rh8g8
18.Ne4xf6 Qd5g5
19.Nf6xg8 Rd8xg8
20.Ra1c1 h5
21.d4 Rg8d8
22.dxc5 Rd8d7
23.cxb6 axb6
24.Qc2c6 Qg5e5
25.Qc6a8 
1-0

[Event "Fast Game"]
[Site "www.echecsemail.com"]
[Date "2016.02.19"]
[Round "1"]
[White "Elogic"]
[Black "Hennie4820"]
[WhiteElo "1719"]
[BlackElo "1770"]
[Result "0-1"]
[Round "1"]
1.e4 c5
2.Bf1c4 Nb8c6
3.Nb1c3 e6
4.Ng1f3 Ng8f6
5.d3 d5
6.exd5 exd5
7.Qd1e2 Bf8e7
8.Bc4b5 O-O
9.Bc1e3 d4
10.Be3xd4 Nc6xd4
11.Nf3xd4 cxd4
12.Nc3e4 Nf6xe4
13.Qe2xe4 a6
14.Bb5c4 Ra8b8
15.O-O-O Be7g5
16.f4 Bg5f6
17.h3 b5
18.Bc4d5 Rf8e8
19.Bd5xf7 Kxf7
20.Qe4xh7 Qd8d5
21.g4 Bc8b7
22.f5 Qd5xh1
23.Rd1xh1 Bb7xh1
24.Qh7g6 Kg8
25.g5 Bf6e5
26.f6 Be5f4
{ resign }
0-1